<A> "hard" or "hardened" ECU for Europe?

Skúmajú sa možnosti "spevnenia" jestvujúceho ECU, založeného na menovom koši, namiesto "tvrdého" ECU, ako trinástej meny v Európe. Spevnenie možno dosiahnuť zárukou, že nemôže dôjsť k devalvácii ECU voči najsilnejším menám európskeho menového systému.

Salvato in:
Dettagli Bibliografici
Autore principale: Filc, W.
Natura: Capitolo di libro
Lingua:inglese
Soggetti:
Tags: Aggiungi Tag
Nessun Tag, puoi essere il primo ad aggiungerne!!

MARC

LEADER 00000naa a2200000 4500
001 r005536
005 20221130103330.5
041 0 |a eng 
044 |a DE 
245 1 0 |a <A> "hard" or "hardened" ECU for Europe?  |c W. Filc 
520 |a Skúmajú sa možnosti "spevnenia" jestvujúceho ECU, založeného na menovom koši, namiesto "tvrdého" ECU, ako trinástej meny v Európe. Spevnenie možno dosiahnuť zárukou, že nemôže dôjsť k devalvácii ECU voči najsilnejším menám európskeho menového systému. 
610 2 0 |a politika menová 
610 2 0 |a trh euromenový 
610 2 0 |a ECU 
610 2 0 |a stabilita meny 
610 2 0 |a euromena 
610 2 0 |a európsky menový systém 
610 2 0 |a EMF 
100 1 |a Filc, W.